Statistics for MotoGP and 500cc Motorcycle World Champions

Click here to take the quiz!

General Stats

  • This quiz has been taken 513 times
  • The average score is 37 of 67

Answer Stats

Season Nationality Rider % Correct
2001 | 2002 | 2003 | +4 others ItalyValentino Rossi
99%
2013 | 2014 SpainMarc Márquez
93%
2010 | 2012 | 2015 SpainJorge Lorenzo
90%
2007 | 2011 AustraliaCasey Stoner
86%
2006 USANicky Hayden
83%
1994 | 1995 | 1996 | +2 others AustraliaMick Doohan
74%
1966 | 1967 | 1968 | +5 others ItalyGiacomo Agostini
67%
1978 | 1979 | 1980 USAKenny Roberts
66%
2000 USAKenny Roberts, Jr.
66%
1956 | 1958 | 1959 | 1960 UKJohn Surtees
51%
1990 | 1991 | 1992 USAWayne Rainey
46%
1993 USAKevin Schwantz
45%
1999 SpainÀlex Crivillé
44%
1976 | 1977 UKBarry Sheene
40%
1962 | 1963 | 1964 | 1965 UKMike Hailwood
37%
1987 AustraliaWayne Gardner
37%
1983 | 1985 USAFreddie Spencer
35%
1984 | 1986 | 1988 | 1989 USAEddie Lawson
31%
1973 | 1974 UKPhil Read
22%
1951 | 1953 | 1954 | 1955 UKGeoff Duke
21%
1982 ItalyFranco Uncini
18%
1981 ItalyMarco Lucchinelli
14%
1949 UKLeslie Graham
12%
1961 Rhodesia and NyasalandGary Hocking
8%
1950 | 1952 ItalyUmberto Masetti
7%
1957 ItalyLibero Liberati
7%

Score Distribution

Percentile by Number Answered

Percent of People with Each Score

Your Score History

You have not taken this quiz